ბათუმის შოთა რუსთაველის სახელმწიფო უნივერსიტეტის ბიბლიოთეკა

ქართული კულტურა და ხუროთმოძღვრება : (ბიბ.ჩანაწერი № 61245)

000 -ლიდერი
ფიქსირებული სიგრძის საკონტროლო ველი 01790nam a22002777a 4500
003 - საკონტროლო ნომრის იდენტიფიკატორი
საკონტროლო ველი Ge_BSU
005 - ბოლო ოპერაციის თარიღი და დრო
საკონტროლო ველი 20240111162634.0
008 - ფიქსირებული სიგრძის მონაცემთა ელემენტები - ზოგადი ინფორმაცია
ფიქსირებული სიგრძის საკონტროლო ველი 240110s2023 ge ||||| |||| 00| 0 geo d
020 ## - წიგნის საერთაშორისო სტანდარტული ნომერი
International Standard Book Number 9789941335754
041 ## - ენის კოდი
Language code of text/sound track or separate title geo
080 ## - უნივერსალური ათობითი კლასიფიკაციის ინდექსი
Universal Decimal Classification number 008(479.22)(075.8)+726 : 27-523.4(479.22)(075.8) ქ-27
100 ## - მთავარი ჩანაწერი - პიროვნების სახელი
Personal name ხმელიძე, თამაზ
9 (RLIN) 21013
245 ## - ცნობა სათაურის შესახებ
Title ქართული კულტურა და ხუროთმოძღვრება :
Remainder of title [მონოგრაფია] /
Statement of responsibility, etc თამაზ ხმელიძე, ზურაბ ქაშიაშვილი, თამარ ვანიშვილი, მედეა რჩეულიშვილი ; საქართველოს ტექნიკური უნივერსიტეტი.
264 ## - წარმოების, გამოცემის, დისტრიბუციის და სხვა ცნობები
გამოცემის, წარმოების, დისტრიბუციის... ადგილი თბილისი :
გამოცემის, წარმოების, დისტრიბუციის... სახელწოდება უნივერსალი,
გამოცემის, წარმოების, დისტრიბუციის... თარიღი 2023.
300 ## - ფიზიკური აღწერა
Extent 474 გვ. :
Other physical details სურ. ;
Dimensions 30 სმ
501 ## - შენიშვნა თანმხლებ მასალაზე
With note თავფურცლის მე-3 გვერდი ინგლისურ ენაზე.
504 ## - BIBLIOGRAPHY, ETC. NOTE
Bibliography, etc ბიბლიოგრაფია: გვ. 431-436.
653 ## - INDEX TERM--UNCONTROLLED
Uncontrolled term ქართული კულტურა
653 ## - INDEX TERM--UNCONTROLLED
Uncontrolled term საქართველოს ეკლესიების არქიტექტურა
700 ## - ADDED ENTRY--PERSONAL NAME
Personal name ხმელიძე, თამაზ
Relator term ავტორი
9 (RLIN) 21013
700 ## - ADDED ENTRY--PERSONAL NAME
Personal name ქაშიაშვილი, ზურაბ
Relator term ავტორი
9 (RLIN) 21014
700 ## - ADDED ENTRY--PERSONAL NAME
Personal name ვანიშვილი, თამარ
Relator term ავტორი
9 (RLIN) 21015
700 ## - ADDED ENTRY--PERSONAL NAME
Personal name რჩეულიშვილი, მედეა
Relator term ავტორი
9 (RLIN) 21016
710 ## - ADDED ENTRY--CORPORATE NAME
Corporate name or jurisdiction name as entry element საქართველოს ტექნიკური უნივერსიტეტი
9 (RLIN) 21017
942 ## - ADDED ENTRY ELEMENTS (KOHA)
Source of classification or shelving scheme
Koha item type წიგნი
ეგზემპლარები
ჩამოწერის სტატუსი დაკარგული ეგზემპლარის სტატუსი კლასიფიკაციის წყარო ან თაროზე გაწყობის სქემა დაზიანების სტატუსი არ გაიცემა მუდმივი მდებარეობა (დაცვის ადგილი) ამჟამინდელი ადგილსამყოფელი თაროზე განთავსების ადგილი შეძენის თარიღი ღირებულება, შესყიდვის ნორმალური ფასი სრული შენახვის შიფრი შტრიხკოდი ბოლო ოპერაციის თარიღი ეგზემპლარის მიმდევრობითი ნომერი (კეტერი?) ფასის ძალაში შესვლის თარიღი ეგზემპლარის სახეობა საჯარო შენიშვნა
          ბათუმის შოთა რუსთაველის სახელმწიფო უნივერსიტეტის მთავარი ბიბლიოთეკა ბათუმის შოთა რუსთაველის სახელმწიფო უნივერსიტეტის მთავარი ბიბლიოთეკა წიგნსაცავი 2024-01-10 240.00 008(479.22)(075.8)+726 : 27-523.4(479.22)(075.8) ქ-27 67020 2024-01-10 67020 2024-01-10 წიგნი 240 ლ.
          ბათუმის შოთა რუსთაველის სახელმწიფო უნივერსიტეტის მთავარი ბიბლიოთეკა ბათუმის შოთა რუსთაველის სახელმწიფო უნივერსიტეტის მთავარი ბიბლიოთეკა წიგნსაცავი 2024-01-11 240.00 008(479.22)(075.8)+726 : 27-523.4(479.22)(075.8) ქ-27 67021 2024-01-11 67021 2024-01-11 წიგნი 240 ლ.
          ტექნოლოგიური ფაკულტეტის ბიბლიოთეკა ტექნოლოგიური ფაკულტეტის ბიბლიოთეკა წიგნსაცავი 2024-07-19 210.00 008(479.22)(075.8)+726 : 27-523.4(479.22)(075.8) ქ-27 68798 2024-07-19 68798 2024-07-19 წიგნი 210.00
          ტექნოლოგიური ფაკულტეტის ბიბლიოთეკა ტექნოლოგიური ფაკულტეტის ბიბლიოთეკა წიგნსაცავი 2024-07-19 210.00 008(479.22)(075.8)+726 : 27-523.4(479.22)(075.8) ქ-27 68799 2024-07-19 68799 2024-07-19 წიგნი 210.00